Hình luật tổng quát (Cập nhật hóa)
Trình bày tổng quát về hình luật, lịch sử hình luật phương đông, phương tây, tội phạm, luận tội ...
Gardado en:
| Autor Principal: | |
|---|---|
| Formato: | Libro |
| Idioma: | Undetermined |
| Publicado: |
Sài Gòn
Lửa thiêng
1973
|
| Những chủ đề: | |
| Các nhãn: |
Engadir etiqueta
Sen Etiquetas, Sexa o primeiro en etiquetar este rexistro!
|
| Thư viện lưu trữ: | Trung tâm Học liệu Trường Đại học Cần Thơ |
|---|
| LEADER | 00796nam a2200217Ia 4500 | ||
|---|---|---|---|
| 001 | CTU_28002 | ||
| 008 | 210402s9999 xx 000 0 und d | ||
| 082 | |a 345 | ||
| 082 | |b Qu531 | ||
| 100 | |a Nguyễn, Quang Quýnh | ||
| 245 | 0 | |a Hình luật tổng quát | |
| 245 | 0 | |b (Cập nhật hóa) | |
| 245 | 0 | |c Nguyễn Quang Quýnh | |
| 260 | |a Sài Gòn | ||
| 260 | |b Lửa thiêng | ||
| 260 | |c 1973 | ||
| 520 | |a Trình bày tổng quát về hình luật, lịch sử hình luật phương đông, phương tây, tội phạm, luận tội ... | ||
| 650 | |a Criminal law,Luật hình sự | ||
| 650 | |z Vietnam,Việt nam | ||
| 904 | |i Nguyễn Quang Điền,Nguyên | ||
| 980 | |a Trung tâm Học liệu Trường Đại học Cần Thơ | ||